Normal view
MARC view
Entry Personal Name
001 - CONTROL NUMBER
- control field: 2073
003 - CONTROL NUMBER IDENTIFIER
- control field: ARRUPE
005 - DATE AND TIME OF LATEST TRANSACTION
- control field: 20131003172148.0
008 - FIXED-LENGTH DATA ELEMENTS
- fixed length control field: 131003|| aca||aabn | a|a d
040 ## - CATALOGING SOURCE
- Original cataloging agency: ARRUPE
- Transcribing agency: ARRUPE
100 ## - HEADING--PERSONAL NAME
- Personal name: Kilmartin, Edward J.
670 ## - SOURCE DATA FOUND
- Source citation: Work cat.: (ARRUPE)0: Hall, Jerome M., 1950- 2072, We have the mind of Christ :, c2001.